000 00364pam a2200145 a 4500
020 _c
041 _h
082 _a305.39999999999998
_bMAN
100 _aManas, G, M
245 _aProblems Of Working Women In Professional And Family
_hTextual Documents
260 _aJaipur
_bAadi Publications
_c2012
300 _a176
700 _aReddy, J, S
930 _a2117
999 _c108950
_d108950